000 00545nam a22001337a 4500
008 230605b xxu||||| |||| 00| 0 eng d
020 _a9789966058003
082 _a330.96762
_bKIP
245 _aKenya Economic Report 2012
_bImperatives For Reducing The Cost Of Living In Kenya
_cKenya Institute For Public Policy Research And Analysis
_h2012
260 _aNairobi
_bKenya Institute For Public Policy Research And Analysis
_c2012
300 _a175 p
710 _bKenya Institute For Public Policy Research And Analysis
_cNairobi
_d2012
942 _2ddc
_cBK
999 _c370
_d370